000 00819 a2200265 4500
502 _aThèse de Doctorat
260 _aWageningen
653 1 _aAgronomie
100 _aKARATZAS, G. Kimon Andreas
041 _bEn
260 _bUniversité de Wageningen
300 _a86 p.
245 _aListeria monocytogenes - inactivation by essential oils and high pressure, and contribution of genetic variation to stress resistance
650 _aSTRESS RESISTANCE
650 _aGENETIC VARIATION
260 _c26 Mars 2002
300 _bIll., Couv. ill. ; 24 cm
130 _lEn
040 _aSupport
041 _bEn
653 1 _aNutrition et Sciences Alimentaires
100 _uAbomey-Calavi, Université d'Abomey-Calavi, Faculté des Sciences Agronomiques, Bj
020 _a90-5808-630-5
999 _c31863
_d31863